Call of Duty Zombies maps by locations - Statistics

General Stats
  • This quiz has been taken 1,473 times
    13 since last reset
  • The average score is 28 of 48
Answer Stats
Location (Game) Map % Correct
Livingstone Mine, Angola Buried
91%
Province 22, Shanghai, China Die Rise
91%
Pentagon, VA, United States (Black Ops) "Five"
91%
Deutsches sol Kino, Germany Kino der Toten
91%
Alcatraz Island, CA, United States (Black Ops II) Mob of the Dead
91%
Griffin Station, Mare Crisium Moon
91%
Rising Sun Facility, Empire of Japan Shi No Numa
91%
Baikonur Cosmodrome, USSR Ascension
82%
Alcatraz Island, CA, United States (Black Ops 4) Blood of the Dead
82%
Griffin Castle, Austria Der Eisendrache
82%
Waffenfabrik Factory, Germany (World at War) Der Riese
82%
Nevada National Security Site, NV, United States (Black Ops II) Nuketown
82%
Excavation Site 64, France Origins
82%
Morg City, United States Shadows of Evil
82%
Somewhere in the Himalayan Mountains Shangri-La
82%
Waffenfabrik Factory, Germany (Black Ops III) The Giant
82%
Siberia, Russia (Black Ops) Call of the Dead
73%
Stalingrad, USSR (Black Ops III) Gorod Krovi
73%
Coliseum, Roman Empire IX
73%
Agartha Revelations
73%
Wittenau Sanatorium, Germany Verrückt
73%
Division 9 Facility, Pohnpei Island Zetsubou No Shima
73%
Abandoned Airfield, German-Occupied Europe Nacht der Untoten
64%
Hanford, WA, United States TranZit
64%
Camp Edward, NV, United States Alpha Ωmega
55%
Pentagon, VA, United States (Black Ops 4) Classified
55%
Rhodes Manor, United Kingdom Dead of the Night
55%
Projekt Endstation Facility, Morasko, Poland Die Maschine
55%
Checkpoint Charlie, East Germany Mauer der Toten
55%
RMS Titanic Voyage of Despair
55%
Delphi, Greece Ancient Evil
45%
Omega Outpost 25, A Shau Valley, Vietnam Firebase Z
45%
Test Site Anna, Zakarpatska Oblast, USSR Forsaken
45%
Siberia, USSR (Black Ops 4) Tag der Toten
45%
West Virginia, United States Liberty Falls
36%
Sam Colton Hall, United States Shattered Veil
36%
Blacksite 13, Philippine Sea Terminus
36%
Dark Aether Ashes of the Damned
27%
Thurston Observatory, Rings of Saturn Astra Malorum
27%
Stalingrad, USSR (Vanguard) Der Anfang
27%
Zaravan, Urzikstan Operation Deadbolt
27%
Nevada National Security Site, NV, United States (Black Ops 7) Paradox Junction
27%
Janus Tower, United States Reckoning
27%
Avalon The Tomb
27%
Eidskallen, Norway Totenreich
27%
Avalon Citadelle des Morts
18%
Jalo Oasis, Libya Terra Maledicta
18%
Jalo Oasis, Libya The Archon
18%
No matching quizzes found
Score Distribution
Percent of People with Each Score
Percentile by Number Answered
Your Score History
You have not taken this quiz since the last reset